| 000 | 00802nam0a22002291 4500 | ||
|---|---|---|---|
| 001 | rc\4634124 | ||
| 005 | 20130416200742.2 | ||
| 035 | _a(NLR Aleph) 008405806 | ||
| 090 |
_a9265048 _c9265048 |
||
| 100 | _a20130416d1957 |||y0rusy50 ca | ||
| 101 | 0 | _arus | |
| 102 | _aRU | ||
| 105 | _ay z ||||| | ||
| 200 | 1 |
_aЭффективность использования новейшей техники в гидротехническом строительстве Армении _fНауч.-техн. о-во энергет. пром-сти Арм. респ. правл. |
|
| 210 |
_aЕреван _cБ. и. _d1957 |
||
| 215 |
_a16 с. _cграф. _d20 |
||
| 700 | 1 |
_aСимонян _bК. Г. |
|
| 801 | 0 |
_aRU _bNLR _gpsbo |
|
| 801 | 1 |
_aRU _bELAR _2rusmarc |
|
| 852 |
_aNLR _j57-4/9396 |
||
| 942 | _cBOOK | ||
| 980 | _aNB | ||